| 000 | 00561nam a2200181 a 4500 | ||
|---|---|---|---|
| 001 | 000049006 | ||
| 005 | 20201002061600.0 | ||
| 008 | 190712s1992 cr r 000 0 spa d | ||
| 040 |
_aDO-SdBNP _bspa _cBNPHU |
||
| 082 |
_axxxx _bS684p |
||
| 100 | 1 |
_aSolano, Luis Fdo _976431 |
|
| 245 | 1 | 0 |
_aPerspectivas de la formación judicial / _cLuis Fdo. Solano, Carmen Blanco. |
| 260 |
_aSan José, Costa Rica : _bs.n., _c1992. |
||
| 300 |
_a145 p. ; _c21 cm. |
||
| 504 | _aBibliografía : p. 131-138 | ||
| 590 | _aInventariado, 2019/BT | ||
| 700 | 1 |
_aCarmen, Blanco _976432 |
|
| 999 |
_c48494 _d48494 |
||